000 00442 a2200169 4500
005 20260417095904.0
008 251130b |||||||| |||| 00| 0 eng d
020 _a9781408881507
080 _aF
_bPAT/S
100 _aPatchett, Ann
245 _aState of wonder
260 _bBloomsbury
_aLondon
_c2016
300 _a390p
653 _aFiction - Novel - English Literature
653 _aAdventure – Scientific expedition
942 _cBK
999 _c114857
_d114856